ბათუმის შოთა რუსთაველის სახელმწიფო უნივერსიტეტის ბიბლიოთეკა

Механизмы в современной технике в 7 томах. Т.4:Зубчатые механизмы. (ბიბ.ჩანაწერი № 40390)

000 -LEADER
fixed length control field 00703nam a2200217Ia 4500
001 - CONTROL NUMBER
control field 6998
003 - CONTROL NUMBER IDENTIFIER
control field GE_BSU
008 - FIXED-LENGTH DATA ELEMENTS--GENERAL INFORMATION
fixed length control field 181216s||||||||xx |||||||||||||| ||und||
040 ## - CATALOGING SOURCE
Transcribing agency GE_BSU
080 ## - UNIVERSAL DECIMAL CLASSIFICATION NUMBER
Universal Decimal Classification number 621.83(035.3)
100 ## - MAIN ENTRY--PERSONAL NAME
Personal name Артоболевский,И.И.
245 ## - TITLE STATEMENT
Title Механизмы в современной технике в 7 томах. Т.4:Зубчатые механизмы.
245 ## - TITLE STATEMENT
Remainder of title Справочнае пособие.
245 ## - TITLE STATEMENT
Statement of responsibility, etc. Ред. Б.Н.Скляднев.
260 ## - PUBLICATION, DISTRIBUTION, ETC.
Place of publication, distribution, etc. М.
260 ## - PUBLICATION, DISTRIBUTION, ETC.
Name of publisher, distributor, etc. Наука.
260 ## - PUBLICATION, DISTRIBUTION, ETC.
Date of publication, distribution, etc. 1980.
300 ## - PHYSICAL DESCRIPTION
Extent 592стр. с илл.
653 ## - INDEX TERM--UNCONTROLLED
Uncontrolled term Механизмы в современной технике в 7 томах.
942 ## - ADDED ENTRY ELEMENTS (KOHA)
Koha item type წიგნი
ეგზემპლარები
Withdrawn status Lost status Damaged status Not for loan Date acquired Barcode Date last seen Price effective from Koha item type
        2018-12-17 10302 2018-12-17 2018-12-17 წიგნი